| 000 | 00907cam a2200253 i 4500 | ||
|---|---|---|---|
| 001 | 125232 | ||
| 005 | 20230410130745.0 | ||
| 008 | 141121s2014 ag b 001 0 spa d | ||
| 020 | _a9789877190243 | ||
| 041 | _aspa | ||
| 050 | 1 | 4 |
_aPN 6790.A74 _bC836m 2014 |
| 082 | _a741.5982 | ||
| 100 | 1 |
_aCosse, Isabella, _eauthor. |
|
| 245 | 1 | 0 |
_aMafalda : _bhistoria social y política / _cIsabella Cosse. |
| 260 | 1 |
_aBuenos Aires, Argentina : _bFondo de Cultura Econâomica, _c2014. |
|
| 300 |
_a313 p. ; _c23 cm. |
||
| 490 | 0 | _aSección de obras de sociología | |
| 504 | _aIncluye referencias bibliográficas (páginas 283-300) e indice. | ||
| 600 | 1 | 0 |
_aQuino, _d1932- _tMafalda _xCrítica e interpretación. |
| 600 |
_aQuino, _d1932-. _tMafalda _xAspectos políticos. |
||
| 600 |
_aQuino, $d1932-. _tMafalda _xAspectos sociales. |
||
| 650 | 0 |
_aHumorismo gráfico argentino _xTemas, motivos. |
|
| 942 |
_2lcc _cbk |
||
| 999 |
_c79853 _d79853 |
||